La historia de la URSS en dibujos

محفوظ في:
التفاصيل البيبلوغرافية
المؤلفون الرئيسيون: Gámburg, Alexandr (مؤلف), Bugánov, Víctor (مؤلف), Zhúkov, Yuri (مؤلف), Dokó, Dmitri (مؤلف), Klodt, Liudmila (مؤلف), Jachatúrov, Karén (مؤلف)
التنسيق: كتاب
اللغة:الإسبانية
منشور في: Ciudad de México Oficina de Prensa de la Embajada de URSS 1967
الطبعة:1a. ed
الموضوعات:
الوسوم: إضافة وسم
لا توجد وسوم, كن أول من يضع وسما على هذه التسجيلة!

MARC

LEADER 00000cam a2200000 a 4500
001 UCD4640
003 CL-VaPUC
008 160713e19670000mx |||||||||||||||||spa|d
082 0 4 |a 947  |b GAM  |2 21 
100 0 |a Gámburg, Alexandr  |e author  |9 588365 
700 0 |a Bugánov, Víctor  |e author  |9 588366 
700 0 |a Zhúkov, Yuri  |e author  |9 588367 
700 0 |a Dokó, Dmitri  |e author  |9 588368 
700 0 |a Klodt, Liudmila  |e author  |9 588369 
700 0 |a Jachatúrov, Karén  |e author  |9 588370 
245 1 3 |a La historia de la URSS en dibujos 
250 |a 1a. ed 
300 |a 64 p 
942 |c BK 
945 |d 20160713 20:53:00  |a arojas 
260 |a Ciudad de México  |b Oficina de Prensa de la Embajada de URSS  |c 1967 
650 0 |a Historia de Rusia  |9 343091 
650 0 |a Dibujos  |9 264123 
651 0 |a Unión Soviética  |9 256769 
583 |a last modification  |c 20160713 20:53:00  |k Rodrigo Vera 
999 |c 365511  |d 365509 
952 |0 0  |1 0  |3 erb  |4 0  |6 947_000000000000000_GAM_1967  |7 0  |8 A  |9 479392  |a FDOHBE  |b FDOHBE  |e Huesbe Llanos, Marco Antonio, 1934-  |i 5306035  |o 947 GAM 1967  |p 5306035  |r 2024-01-30  |w 2019-11-24  |y BK  |z Catalogado en:20160713  |k HBE